000 00641nam a2200217 i 4500
001 C2-0303620
003 PPAK
005 20180728084539.0
008 100401s1963 nyu |||| ||||| | eng d
040 _aPPAK
_beng
_cPPAK
_erda
082 0 4 _a800
_223
090 0 0 _a800
_bAIM
_dKIH
245 0 4 _aThe aims and methods of scholarship in modern languages and literatures
264 1 _aNew York :
_bModern language association of america ,
_c1963
300 _aix, 69 pages ;
_c23 cm
336 _2rdacontent
_atext
337 _2rdamedia
_aunmediated
338 _2rdacarrier
_avolume
700 1 _aThorpe, james,
_eeditor
942 _ddc
_cB
999 _c106848
_d106848